Logo BPK

Biblioteka

Politechniki Koszalińskiej

Essential articles : (Rekord nr 50152)

Szczegóły MARC
000 -ETYKIETA REKORDU
podpole kontrolne o stałej długości 00760nam a2200217 i 4500
001 - NUMER KONTROLNY REKORDU
pole kontrolne bgj
020 ## - MIĘDZYNARODOWY ZNORMALIZOWANY NUMER KSIĄŻKI - ISBN
ISBN 1872365205 (hbk)
040 ## - ŹRÓDŁO KATALOGOWANIA
Instytucja, która utworzyła rekord BPK
041 0# - KOD JĘZYKA
Kod języka tekstu eng
920 ## - Międzynarodowy znormalizowany numer książki – ISBN
ISBN 1-872365-20-5 (hbk)
008 - POLE O STAŁEJ DŁUGOŚCI - DANE KONTROLNE
podpole kontrolne o stałej długości s uk f |000 0 eng
245 00 - TYTUŁ/ODPOWIEDZIALNOŚĆ
Tytuł Essential articles :
Ciąg dalszy tytułu the journalism file /
Pozostałe elementy strefy tytułu i oznaczenia odpowiedzialności edited by Christine Shepherd and Chas White.
260 ## - STREFA ADRESU WYDAWNICZEGO
Miejsce wydania Carlisle, England :
Nazwa wydawcy/dystrybutora Carel Press,
Data publikacji, dystrybucji/powstania dokumentu 1994.
300 ## - STREFA OPISU FIZYCZNEGO
Objętość 402 pp :
Inne cechy fizyczne ill., photos ;
Rozmiary 31 cm.
500 ## - UWAGI OGÓLNE
Tekst uwagi Includes wall chart with a Guide to essential articles 1, 2, 3 & 4. 126 x 88 cm.
505 ## - SFORMALIZOWANA UWAGA DOTYCZĄCA ZAWARTOŚCI
Pełny tekst uwagi Includes cross references, index and teacher's notes, drama notes.
650 #9 - HASŁO PRZEDMIOTOWE W FORMIE NAZWY OGÓLNEJ LUB JEDNOSTKOWEJ
Nazwa ogólna lub geograficzna Essays in English
700 1# - HASŁO DODATKOWE - NAZWA OSOBOWA
Nazwa osobowa SHEPHERD, Christine.
Określenie związku między hasłem a opisywanym materiałem editor
700 1# - HASŁO DODATKOWE - NAZWA OSOBOWA
Nazwa osobowa WHITE, Chas.
Określenie związku między hasłem a opisywanym materiałem editor
942 ## - DODATKOWE ELEMENTY (KOHA)
Typ dokumentu Książka
Egzemplarze
Wycofany Status egzemplarza Uszkodzony Dostępność Lokalizacja stała Lokalizacja bieżąca Miejsce przechowywania Sygnatura Kod kreskowy Typ dokumentu
      Dostępny Biblioteka Politechniki Koszalińskiej Biblioteka Politechniki Koszalińskiej Wypożyczalnia BG BR 52 09055728 Książka
© 2023 Biblioteka Politechniki Koszalińskiej :: KOHA